000 00564 a2200205 4500
999 _c32017
_d32017
003 OSt
005 20260312163014.0
008 260312b ||||| |||| 00| 0 eng d
020 _a9789355321770
040 _c.
082 _a621.381
_bJ254
100 _92820
_aJain, R. P.
245 _aModern Digital Electronics /
_cR. P. Jain and Kishor Sarawadekar
250 _a5th ed.
260 _bMcGraw Hill Higher Education,
_aChennai:
_c2022.
300 _a759 p.
650 0 _91851
_aDigital Electronics
700 _96698
_aSarawadekar, Kishor
942 _2ddc
_cBK